Rate Your Music Top 100 albums OAT - Statistics

General Stats
  • This quiz has been taken 24 times
  • The average score is 54 of 101
Answer Stats
Hint Answer % Correct
The Beatles Abbey Road
100%
Pink Floyd The Dark Side Of The Moon
100%
Kendrick Lamar Good Kid Maad city
95%
Kendrick Lamar To Pimp a Butterfly
95%
Radiohead Kid A
89%
Madvillan Madvillainy
89%
Radiohead OK Computer
89%
The Beatles Revolver
89%
Tyler, the Creator Igor
84%
Nas Illmatic
84%
Radiohead In Rainbows
84%
King Crimson In The Court Of The Crimson King
84%
Kanye West My Beautiful Dark Twisted Fantasy
84%
Kanye West The College Dropout
84%
Pink Floyd Wish You Were Here
84%
Nirvana Nevermind
79%
The Beach Boys Pet Sounds
79%
Pink Floyd Animals
74%
Frank Ocean Blonde
74%
Kanye West Late Registration
74%
The Jimi Hendrix Experience Electric Ladyland
68%
Neutral Milk Hotel In The Aeroplane Over The Sea
68%
Nirvana In Utero
68%
MF DOOM MM...FOOD
68%
The Beatles Sgt Pepper's Lonely Hearts Club
68%
David Bowie The Rise And Fall of Ziggy Stardust
68%
Bjork Vespertine
68%
Marvin Gaye What's Going On
68%
The Beatles White Album
68%
Wu-Tang Clan Enter The Wu-Tang (36 Chambers)
63%
Jeff Buckley Grace
63%
The Strokes Is This It
63%
My Bloody Valentine Loveless
63%
Black Sabbath Paranoid
63%
Stevie Wonder Songs In The Key Of Life
63%
Death Grips The Money Store
63%
Miles Davis A Kind Of Blue
58%
Black Country, New Road Ants From Up There
58%
OutKast Aquemini
58%
The Jimi Hendrix Experience Are You Experienced
58%
Danny Brown Atrocity Exhibition
58%
David Bowie Blackstar
58%
Daft Punk Discovery
58%
Led Zeppelin Led Zeppelin IV
58%
David Bowie Low
58%
The Smiths The Queen Is Dead
58%
The Cure Disintegration
53%
Kate Bush Hounds Of Love
53%
Massive Attack Mezzanine
53%
Nick Drake Pink Moon
53%
Talking Heads Remain In Light
53%
Slowdive Souvlaki
53%
The Microphones The Glow Pt 2
53%
A Tribe Called Quest The Low End Theory
53%
J Dilla Donuts
47%
Pixies Doolittle
47%
Cocteau Twins Heaven Or Las Vegas
47%
Magdalena Bay Imaginal Disk
47%
Godspeed You Black Emperor Lift Your, Skinny Fists Like Antennas To Heaven!
47%
A Tribe Called Quest Midnight Marauders
47%
King Crimson Red
47%
Nine Inch Nails The Downward Spiral
47%
John Coltrane A Love Supreme
42%
Miles Davis Bitches Brew
42%
Bob Dylan Blonde on Blonde
42%
Sufjan Stevens Carrie & Lowell
42%
Have A Nice Life Deathconsciousness
42%
Elliott Smith Either/Or
42%
Bjork Homogenic
42%
Sufjan Stevens Illinois
42%
Sade Love Deluxe
42%
Slint Spiderland
42%
Sweet Trip Velocity: Design: Comfort
42%
Self titled Black Sabbath
37%
Bob Dylan Highway 61 Revisited
37%
Stevie Wonder Innervisions
37%
Fishmans Long Season
37%
Television Marquee Moon
37%
Metallic Master Of Puppets
37%
Joy Division Unknown Pleasures
37%
Bob Dylan Blood On The Tracks
32%
Joy Division Closer
32%
Yes Close To The Edge
32%
Portishead Dummy
32%
DJ Shadow Endtroducing
32%
Aphex Twin Selected Ambient Works 85-92
32%
The Avalanches Since I Left You
32%
Swans Soundtracks For The Blind
32%
David Bowie Station To Station
32%
Mingus The Black Saint and The Sinner Lady
32%
Godspeed You Black Emperor! F#A#
26%
Talk Talk Laughing Stock
26%
Black Sabbath Master Of Reality
26%
Self Titled The Doors
26%
Pharaoh Sanders Karma
21%
Self titled The Velvet Underground & Nico
21%
Milton Nascimento & Lo Borges Clube Da Esquina
16%
Miles Davis In A Silent Way
16%
Death Symbolic
16%
Fishmans 98.12.28 Otokotachi No Wakare
11%
Metallic Ride The Lighting
11%
No matching quizzes found
Score Distribution
Percent of People with Each Score
Percentile by Number Answered
Your Score History
You have not taken this quiz